Państwa z najwyższym wskaźnikiem otyłości - Statystyki

Ogólne statystyki
  • Ten quiz został rozwiązany 27 801 razy
  • Średni wynik to 4 z 20
Statystyki odpowiedzi
% Kraj % Poprawnych
36,2 Stany Zjednoczone
99%
35,4 Arabia Saudyjska
28%
32,1 Turcja
28%
32,0 Egipt
26%
31,7 Zjednoczone Emiraty Arabskie
25%
35,1 Katar
22%
30,8 Nowa Zelandia
21%
61,0 Nauru
19%
37,9 Kuwejt
18%
55,3 Palau
15%
51,6 Tuvalu
15%
46,0 Kiribati
14%
45,8 Mikronezja
14%
47,3 Samoa
14%
52,9 Wyspy Marshalla
14%
48,2 Tonga
13%
32,5 Libia
12%
35,5 Jordania
11%
32,0 Liban
11%
31,6 Bahamy
7%
Nie znaleziono quizów pasujących do podanych kryteriów
Rozkład punktacji
Procent ludzi z każdym wynikiem
Percentyl według liczby udzielonych odpowiedzi
Twoja historia wyników
Nie rozwiązałeś tego quizu